000
00292nam a2200133Ia 4500
100
_a
Bartee/Thomas
942
_c
BK
654
_a
architecture
245
_a
Comuter Architecture and logic design
260
_b
McGraw Hill
_c
1991
082
_a
4.22
_b
BAR
300
_a
628
546
_a
ENGLISH
999
_c
31003
_d
31003